Marvel Villains Starting with V (by picture) - Statistics

General Stats
  • This quiz has been taken 45 times
  • The average score is 6 of 14
Answer Stats
Picture Answer % Correct
Venom
100%
Vulture
97%
Viper
82%
Vapor
48%
Vulcan
48%
Vermin
45%
Vertigo
39%
Vector
33%
Vanisher
21%
Videoman
21%
Virgo
21%
Voice
9%
Vulturions
9%
Vibro
6%
No matching quizzes found
Score Distribution
Percent of People with Each Score
Percentile by Number Answered
Your Score History
You have not taken this quiz